| 000 | 01204nam a22003497a 4500 | ||
|---|---|---|---|
| 001 | 0000563 | ||
| 003 | DO-SdBPM | ||
| 005 | 20260312091116.0 | ||
| 007 | ta | ||
| 008 | 160317b2009 mx ||||| 00| 0 spa d | ||
| 020 | _a9786071101358 | ||
| 040 |
_aDO-SdBPM _bspa _cBPMSU _erda |
||
| 050 | _a | ||
| 082 | 0 | 4 |
_a892.73 _bB974t 2009 _222 |
| 100 | 1 |
_a Burton, Richard _d1925-1985 _eautor _4aut. |
|
| 130 | _6Las mil y una noches. | ||
| 245 | 1 | 3 |
_a Tres cuentos de "Las mil y una noches" / _c versión de Richard Burton ; ilustraciones Oh Seung Ming |
| 264 |
_aMéxico : _bEdiciones Santillana, _c2009 |
||
| 300 |
_a105 páginas : _bilustraciones , _c18 cm. |
||
| 336 |
_atexto _btxt _2rdacontent |
||
| 337 |
_asin mediación _bn _2rdamedia |
||
| 338 |
_avolumen _bnc _2rdacarrier |
||
| 590 | _aInventariado, 2026/VM | ||
| 650 | 7 | _aCuentos infantiles árabes | |
| 650 | 7 |
_aAventuras _vCuentos infantiles |
|
| 650 | 7 |
_aFantasía _vCuentos infantiles |
|
| 700 | 1 |
_aSópez Muñoz, José _d1938- _etraductor |
|
| 700 | 1 |
_aLuis , Foreman, Michael, _eilustración _4 |
|
| 700 | 1 |
_aLánchez Aguilar, Agustín _etraductor |
|
| 910 | _aVMateo V. Control de calidad. BPMSU | ||
| 942 |
_2ddc _cBK |
||
| 999 |
_c15750 _d15750 |
||